000 00688nam a22001935i 4500
001 164963
003 ES-MaACL
005 20250526063011.0
008 030721s1880 fr |||| | fre d
040 _aLR
_bspa
_cLR
100 1 _aSchopenhauer, Arthur,
_d1788-1860
_9240710
245 1 0 _aEssai sur le libre arbitre /
_cpar Arthur Schopenhauer ; traduit en français pour la première fois.
250 _a2\pème\s éd.
260 _aParis :
_bLibrairie Germer Baillière et Cie,
_c1880 (
_eCoulommiers :
_ftyp. Paul Brodard)
300 _aVIII, 212 p. ;
_c18 cm.
852 _aES-MaACL
_jF-11747
_z-- Enc. pasta española
999 _c164963
_d164963